侍ジャパン 北京オリンピック メンバー - Statistics

General Stats
  • This quiz has been taken 258 times
  • The average score is 17 of 24
Answer Stats
チーム 背番号 選手名 % Correct
巨人 10 阿部慎之助
87%
ロッテ 22 里崎智也
85%
ヤクルト 23 青木宣親
83%
楽天 15 田中将大
81%
日本ハム 18 ダルビッシュ有
77%
中日 11 川上憲伸
74%
ロッテ 7 西岡剛
74%
西武 3 中島裕之
72%
ソフトバンク 47 杉内俊哉
71%
日本ハム 41 稲葉篤紀
71%
横浜 55 村田修一
70%
中日 13 岩瀬仁紀
69%
西武 16 涌井秀章
69%
ソフトバンク 21 和田毅
69%
阪神 25 新井貴浩
68%
西武 46 G.G.佐藤
68%
中日 2 荒木雅博
67%
ソフトバンク 52 川崎宗則
66%
巨人 19 上原浩治
65%
阪神 28 藤川球児
65%
ヤクルト 6 宮本慎也
65%
阪神 39 矢野輝弘
61%
ロッテ 17 成瀬善久
55%
中日 31 森野将彦
47%
No matching quizzes found
Score Distribution
Percent of People with Each Score
Percentile by Number Answered
Your Score History
You have not taken this quiz